| 000 | 00724nam a2200241 a 4500 | ||
|---|---|---|---|
| 008 | 951213s1979||||[C 0 slo c | ||
| 020 |
_c25 Kčs. _q(6850 výtl.) |
||
| 040 |
_aSNK _bslo _cSNK _eAACR2 |
||
| 041 | 1 |
_aslo _hslo |
|
| 080 | _a808.54-15(038) | ||
| 080 | _a801.323.1 | ||
| 080 | _a808.54-15 | ||
| 100 | 1 |
_aKráľ, Ábel _4aut |
|
| 245 | 1 | 0 |
_aPríručný slovník slovenskej výslovnosti _cÁbel Kráľ ; Daniela Babjaková, Ladislav Hrnčírik |
| 250 | _a1., vyd. | ||
| 260 |
_aBratislava _bSPN _c1979 _eBratislava _fSvornosť |
||
| 300 |
_a647 s., 18,88 AH _c19 cm |
||
| 500 | _aTb. znakov. | ||
| 700 | 1 |
_aBabjaková, Daniela _4bkd |
|
| 700 | 1 |
_aHrnčírik, Ladislav _4bkd |
|
| 044 |
_axo _cSK |
||
| 958 | _aA | ||
| 999 |
_c19216 _d19216 |
||